[Event "Madrid-ch"]
[Site "Madrid"]
[Date "2015.02.03"]
[Round "2"]
[White "Garcia Lopez, Pedro"]
[Black "Perez Cameselle, Francisco Jose"]
[Result "0-1"]
[WhiteElo "1784"]
[BlackElo "1849"]
[PlyCount "112"]
[EventDate "2015.02.02"]
[EventType "swiss"]
[EventRounds "9"]
[EventCountry "ESP"]
[SourceTitle "CBM 164 Extra"]
[Source "ChessBase"]
[SourceDate "2015.03.02"]
[SourceVersion "1"]
[SourceVersionDate "2015.03.02"]
[SourceQuality "1"]

1. d4 Nf6 2. c4 c5 3. d5 e6 4. Nc3 exd5 5. cxd5 d6 6. e4 g6 7. Bd3 Bg7 8. Nge2 0-0 9. 0-0 Na6 10. a3 Nc7 11. h3 b5 12. Bg5 b4 13. axb4 cxb4 14. Nb5 Nxb5 15. Bxb5 Qb6 16. Bc6 Bb7 17. Be3 Qc7 18. Bxb7 Qxb7 19. f3 Nd7 20. Bd4 Bxd4+ 21. Nxd4 Qb6 22. Kh2 a5 23. b3 Nc5 24. Nc6 Qc7 25. Nd4 Ra6 26. Qd2 Qb6 27. Rfb1 Rfa8 28. Nc6 Qb7 29. h4 h5 30. g4 hxg4 31. Qg5 gxf3 32. h5 Nxe4 33. Qf4 Nc3 34. hxg6 Nxd5 35. gxf7+ Qxf7 36. Rg1+ Kf8 37. Qh6+ Ke8 38. Rae1+ Kd7 39. Rg7 Qxg7 40. Qxg7+ Kxc6 41. Rc1+ Nc3 42. Qf6 R6a7 43. Qxf3+ Kb6 44. Qe3+ Kb5 45. Qd3+ Kc6 46. Qc4+ Kb6 47. Rg1 Rh8+ 48. Kg2 Rg7+ 49. Kf2 Rf8+ 50. Ke3 Rxg1 51. Qd4+ Kc6 52. Qc4+ Kb7 53. Qh4 Re8+ 54. Kf2 Rge1 55. Qh7+ R8e7 56. Qh3 R7e2+ 0-1

[Event "Madrid-ch"]
[Site "Madrid"]
[Date "2012.11.15"]
[Round "8"]
[White "Garcia Lopez, Pedro"]
[Black "Martin Rodriguez, Jose Luis"]
[Result "1-0"]
[WhiteElo "1779"]
[BlackElo "1398"]
[PlyCount "69"]
[EventDate "2012.11.05"]
[EventType "swiss"]
[EventRounds "9"]
[EventCountry "ESP"]
[SourceTitle "CBM 151 Extra"]
[Source "ChessBase"]
[SourceDate "2012.12.18"]
[SourceVersion "1"]
[SourceVersionDate "2012.12.18"]
[SourceQuality "1"]

1. d4 Nf6 2. c4 e6 3. a3 d5 4. e3 b6 5. Nc3 c5 6. Nf3 cxd4 7. exd4 dxc4 8. Bxc4 Bb7 9. Be3 Be7 10. 0-0 0-0 11. h3 Na6 12. Ne5 Nc7 13. Qe2 Ncd5 14. Rad1 Nxc3 15. bxc3 Nd5 16. Qb2 Qc7 17. Bxd5 Bxd5 18. c4 Bb7 19. Qb3 Rac8 20. Rc1 Rfd8 21. Rfd1 Kh8 22. Nxf7+ Kg8 23. Nxd8 Rxd8 24. d5 Qe5 25. Bd4 Qg5 26. Qe3 Qh5 27. Qxe6+ Kf8 28. Bxg7+ Ke8 29. Bf6 Rd7 30. Bxe7 Rxe7 31. Qf6 Kd7 32. Re1 Rxe1+ 33. Rxe1 Kc8 34. Qf8+ Kd7 35. Re7+ 1-0

[Event "Madrid-ch"]
[Site "Madrid"]
[Date "2012.11.07"]
[Round "3"]
[White "Greppi Gonzalez, Jose Luis"]
[Black "Garcia Lopez, Pedro"]
[Result "0-1"]
[WhiteElo "1553"]
[BlackElo "1779"]
[PlyCount "155"]
[EventDate "2012.11.05"]
[EventType "swiss"]
[EventRounds "9"]
[EventCountry "ESP"]
[SourceTitle "CBM 151 Extra"]
[Source "ChessBase"]
[SourceDate "2012.12.18"]
[SourceVersion "1"]
[SourceVersionDate "2012.12.18"]
[SourceQuality "1"]

1. e4 c5 2. Bc4 a6 3. a3 e6 4. Nf3 b5 5. Be2 Bb7 6. d3 Nc6 7. 0-0 d6 8. Bd2 Be7 9. c3 Nf6 10. Bg5 0-0 11. h3 h6 12. Be3 Qc7 13. Nbd2 Rfd8 14. Bf4 e5 15. Bh2 d5 16. Qc2 Rac8 17. exd5 Nxd5 18. Rfe1 Nf4 19. Bxf4 exf4 20. Nh2 Ne5 21. Ndf3 f6 22. Rad1 Nf7 23. Qb1 Rd7 24. d4 c4 25. Rd2 Nd6 26. Qc1 Ne4 27. Rdd1 Bd5 28. Nd2 f5 29. Nxe4 Bxe4 30. f3 Bd5 31. Bf1 Bf6 32. Re2 Re7 33. Qd2 Rce8 34. Rde1 Kf7 35. Rxe7+ Rxe7 36. Rxe7+ Bxe7 37. Be2 g5 38. Bd1 Qc6 39. Qe2 Bf6 40. Bc2 Be6 41. Bb1 a5 42. Qc2 b4 43. axb4 axb4 44. Qd1 bxc3 45. bxc3 Qd5 46. Ba2 Qa5 47. Qc2 h5 48. Nf1 Kg6 49. Bb1 Bd8 50. Nd2 Qb5 51. Kf2 Ba5 52. Ba2 Kf6 53. g4 fxg3+ 54. Kxg3 Qb8+ 55. Kg2 h4 56. Nf1 Qc7 57. Qd2 Bd5 58. Qe1 Qc6 59. Qe3 Bc7 60. Qf2 Qd6 61. Kg1 Qf4 62. Qe3 Qd6 63. Kf2 Qa3 64. Qd2 Bf4 65. Ne3 Kg6 66. Qc2 Bxe3+ 67. Kxe3 Qd6 68. Qe2 Qf4+ 69. Kf2 Qg3+ 70. Ke3 Qg1+ 71. Kd2 Qa1 72. Bxc4 Qb2+ 73. Ke1 Qxc3+ 74. Kd1 Bxc4 75. Qe8+ Bf7 76. Qe7 Qxf3+ 77. Kd2 Qxh3 78. Qd6+ 0-1

[Event "Madrid-ch"]
[Site "Madrid"]
[Date "2012.11.06"]
[Round "2"]
[White "Garcia Lopez, Pedro"]
[Black "Lopez Heras, Arturo"]
[Result "0-1"]
[WhiteElo "1779"]
[BlackElo "1952"]
[PlyCount "62"]
[EventDate "2012.11.05"]
[EventType "swiss"]
[EventRounds "9"]
[EventCountry "ESP"]
[SourceTitle "CBM 151 Extra"]
[Source "ChessBase"]
[SourceDate "2012.12.18"]
[SourceVersion "1"]
[SourceVersionDate "2012.12.18"]
[SourceQuality "1"]

1. d4 d5 2. Nf3 e6 3. e3 Nf6 4. c4 Be7 5. Nc3 0-0 6. cxd5 exd5 7. h3 Nc6 8. a3 Bf5 9. Nh4 Be6 10. Nf3 Ne4 11. Bd3 f5 12. Bb5 Qd6 13. Bxc6 bxc6 14. 0-0 Bf6 15. Qc2 Rfb8 16. Nd2 Rb7 17. Na4 Rab8 18. Nxe4 fxe4 19. Nc5 Rb5 20. Rb1 Bf7 21. Bd2 Rc8 22. Bb4 Bh4 23. Qd2 Bh5 24. Nxe4 Qg6 25. Nc3 Bf3 26. g4 h5 27. Ne2 hxg4 28. Nf4 Qg5 29. hxg4 Qxg4+ 30. Kh2 Bg5 31. Be7 Bxf4+ 0-1

[Event "Madrid-ch Previa-A"]
[Site "Madrid"]
[Date "2010.11.25"]
[Round "9"]
[White "Camarero Izquierdo, Juan Carlos"]
[Black "Garcia Lopez, Pedro"]
[Result "1-0"]
[WhiteElo "1876"]
[BlackElo "1854"]
[PlyCount "59"]
[EventDate "2010.11.10"]
[EventType "swiss"]
[EventRounds "9"]
[EventCountry "ESP"]
[SourceTitle "EXT 2012"]
[Source "ChessBase"]
[SourceDate "2011.11.24"]
[SourceVersion "1"]
[SourceVersionDate "2011.11.24"]
[SourceQuality "1"]

1. e4 c5 2. Nf3 a6 3. d4 cxd4 4. Nxd4 Nc6 5. Nc3 e6 6. Be3 Nf6 7. f3 Bb4 8. Qd2 h6 9. 0-0-0 0-0 10. g4 Qa5 11. Nde2 Ne5 12. Bxh6 gxh6 13. Qxh6 Ng6 14. h4 Re8 15. h5 Bf8 16. Qe3 Ne7 17. g5 Nh7 18. f4 Nc6 19. g6 fxg6 20. hxg6 Nf6 21. e5 Ng4 22. Qh3 Nh6 23. Ng3 Ne7 24. Nh5 Nd5 25. Rxd5 exd5 26. Nf6+ Kh8 27. Nxe8 d6 28. e6 Qb4 29. Qf5 Bxe6 30. Qxf8+ 1-0

[Event "Madrid-ch Previa-A"]
[Site "Madrid"]
[Date "2010.11.17"]
[Round "5"]
[White "Garcia Lopez, Pedro"]
[Black "Martinez Miura, Enrique"]
[Result "1-0"]
[WhiteElo "1854"]
[BlackElo "1733"]
[PlyCount "85"]
[EventDate "2010.11.10"]
[EventType "swiss"]
[EventRounds "9"]
[EventCountry "ESP"]
[SourceTitle "EXT 2012"]
[Source "ChessBase"]
[SourceDate "2011.11.24"]
[SourceVersion "1"]
[SourceVersionDate "2011.11.24"]
[SourceQuality "1"]

1. d4 e6 2. c4 d5 3. e3 Nf6 4. Nc3 c6 5. Nf3 Be7 6. a3 0-0 7. cxd5 exd5 8. Bd3 Bg4 9. h3 Bxf3 10. Qxf3 Nbd7 11. 0-0 Bd6 12. b4 Qc7 13. Bd2 Rfe8 14. Rfc1 Qd8 15. Kh1 a6 16. Na4 Ne4 17. Be1 Re6 18. Nc5 Ndxc5 19. bxc5 Bc7 20. Kg1 b5 21. cxb6 Bxb6 22. Bxe4 dxe4 23. Qe2 Rg6 24. Rc2 Qg5 25. f4 exf3 26. Qxf3 Rf6 27. Qg3 Qd5 28. Rb1 Rg6 29. Qh2 Qe4 30. Rcb2 Bd8 31. Bf2 h6 32. g4 Kh7 33. Qf4 Qd3 34. Rb3 Qc2 35. R1b2 Qd1+ 36. Kg2 Rf6 37. Qe4+ g6 38. Rb1 Qe2 39. Rf1 Bc7 40. Rbb1 Rf4 41. Qxc6 Rxg4+ 42. Kh1 Rg3 43. Bxg3 1-0

[Event "ESP-ch Veterans"]
[Site "Madrid"]
[Date "2010.02.16"]
[Round "7"]
[White "Olano Lanchas, Dionisio"]
[Black "Garcia Lopez, Pedro"]
[Result "0-1"]
[WhiteElo "1822"]
[BlackElo "1855"]
[PlyCount "70"]
[EventDate "2010.02.08"]
[EventType "swiss"]
[EventRounds "9"]
[EventCountry "ESP"]
[SourceTitle "CBM 134 Extra"]
[Source "ChessBase"]
[SourceDate "2010.03.03"]
[SourceVersion "1"]
[SourceVersionDate "2010.03.03"]
[SourceQuality "1"]

1. e4 c5 2. Bc4 e6 3. e5 a6 4. a4 Nc6 5. Nf3 d5 6. exd6 Bxd6 7. Nc3 Nf6 8. d3 h6 9. Qe2 0-0 10. h3 b6 11. Be3 Qc7 12. 0-0 Bf4 13. Qd2 Nh5 14. g4 Bxe3 15. fxe3 Nf6 16. Qg2 Bb7 17. Ne2 Ne5 18. Nf4 Nxf3+ 19. Rxf3 Bxf3 20. Qxf3 Qd6 21. c3 Rad8 22. Ng2 g5 23. e4 Nd7 24. Ne3 Ne5 25. Qf6 Nxc4 26. Nxc4 Qg3+ 27. Kf1 Qxh3+ 28. Ke2 Qxg4+ 29. Ke3 Qh3+ 30. Qf3 Qxf3+ 31. Kxf3 f5 32. e5 Rb8 33. Nd6 Kg7 34. d4 h5 35. Rg1 Kg6 0-1

[Event "ESP-ch Veterans"]
[Site "Madrid"]
[Date "2010.02.15"]
[Round "6"]
[White "Garcia Lopez, Pedro"]
[Black "Martinez Miura, Enrique"]
[Result "1-0"]
[WhiteElo "1855"]
[BlackElo "1724"]
[PlyCount "75"]
[EventDate "2010.02.08"]
[EventType "swiss"]
[EventRounds "9"]
[EventCountry "ESP"]
[SourceTitle "CBM 134 Extra"]
[Source "ChessBase"]
[SourceDate "2010.03.03"]
[SourceVersion "1"]
[SourceVersionDate "2010.03.03"]
[SourceQuality "1"]

1. d4 e6 2. c4 d5 3. e3 Nf6 4. Nc3 Be7 5. Nf3 0-0 6. a3 c6 7. Bd2 dxc4 8. Bxc4 b5 9. Bd3 a6 10. 0-0 Bb7 11. b4 Nbd7 12. Qc2 h6 13. e4 Rc8 14. h3 Re8 15. Qc1 Bf8 16. Bf4 a5 17. Rb1 axb4 18. axb4 Ra8 19. Rd1 Qb6 20. Bc2 Ra6 21. Qd2 Rea8 22. Qd3 g6 23. e5 Nd5 24. Nxd5 cxd5 25. h4 h5 26. Qd2 Ra2 27. Rdc1 Rc8 28. Qd3 Qa6 29. Ng5 Ra3 30. Rb3 Rxb3 31. Qxb3 Nb6 32. Qd3 Na4 33. Bd2 Qa7 34. Nxf7 Rxc2 35. Rxc2 Kxf7 36. Rc7+ Ke8 37. Qxb5+ Kd8 38. Qd7# 1-0

[Event "Madrid-ch Seniors 0809"]
[Site "Madrid"]
[Date "2009.02.12"]
[Round "4"]
[White "Lopez Heras, Arturo"]
[Black "Garcia Lopez, Pedro"]
[Result "1-0"]
[WhiteElo "1943"]
[BlackElo "1854"]
[PlyCount "65"]
[EventDate "2009.02.09"]
[EventType "swiss"]
[EventRounds "9"]
[EventCountry "ESP"]
[SourceTitle "CBM 128 Extra"]
[Source "ChessBase"]
[SourceDate "2009.03.05"]
[SourceVersion "2"]
[SourceVersionDate "2009.03.25"]
[SourceQuality "1"]

1. e4 c5 2. b4 b6 3. bxc5 bxc5 4. Nc3 a6 5. Bc4 e6 6. Nf3 Nc6 7. 0-0 Be7 8. Bb3 d6 9. Re1 Qc7 10. Qe2 Bf6 11. Rb1 Nge7 12. Bb2 Nd4 13. Nxd4 Bxd4 14. Na4 Bxb2 15. Nxb2 0-0 16. Nc4 Bd7 17. Ne3 Nc6 18. c3 Ne5 19. Bc2 Nc6 20. f4 Ne7 21. Qg4 Rab8 22. h4 Rxb1 23. Bxb1 Rb8 24. h5 Rb2 25. h6 Ng6 26. f5 exf5 27. exf5 gxh6 28. Qg3 Rxd2 29. fxg6 fxg6 30. Bxg6 Kh8 31. Bf7 Qd8 32. Nc4 Bc6 33. Nxd2 1-0

[Event "Madrid-ch Seniors 0809"]
[Site "Madrid"]
[Date "2009.02.11"]
[Round "3"]
[White "Garcia Lopez, Pedro"]
[Black "Martinez Miura, Enrique"]
[Result "1-0"]
[WhiteElo "1854"]
[BlackElo "1735"]
[PlyCount "83"]
[EventDate "2009.02.09"]
[EventType "swiss"]
[EventRounds "9"]
[EventCountry "ESP"]
[SourceTitle "CBM 128 Extra"]
[Source "ChessBase"]
[SourceDate "2009.03.05"]
[SourceVersion "2"]
[SourceVersionDate "2009.03.25"]
[SourceQuality "1"]

1. d4 e6 2. c4 d5 3. e3 Nf6 4. Nc3 Be7 5. Nf3 0-0 6. Qc2 c6 7. Bd2 Nbd7 8. cxd5 exd5 9. Bd3 h6 10. 0-0 Bd6 11. e4 dxe4 12. Nxe4 Nxe4 13. Bxe4 Nf6 14. Rfe1 Re8 15. Bf5 Bxf5 16. Qxf5 Qd7 17. Qd3 Rad8 18. a3 Rxe1+ 19. Rxe1 c5 20. Bc3 Qc7 21. g3 c4 22. Qf5 Bf8 23. Re5 Bd6 24. Re1 Bf8 25. Qc2 b5 26. Qd2 Qb7 27. Ne5 Ne4 28. Qc2 Ng5 29. f3 Nxf3+ 30. Nxf3 Qxf3 31. Rf1 Qe3+ 32. Kh1 Re8 33. Qf5 Qe4+ 34. Kg1 Qe3+ 35. Rf2 f6 36. Qxb5 Qe6 37. Bd2 Bd6 38. Bc3 Rb8 39. Qa4 Qd5 40. Qxa7 h5 41. Qd7 g6 42. Rxf6 1-0

[Event "Madrid-ch Seniors 0809"]
[Site "Madrid"]
[Date "2009.02.09"]
[Round "1"]
[White "Garcia Lopez, Pedro"]
[Black "Estrada Martinez, Cesar"]
[Result "0-1"]
[WhiteElo "1854"]
[BlackElo "2238"]
[PlyCount "48"]
[EventDate "2009.02.09"]
[EventType "swiss"]
[EventRounds "9"]
[EventCountry "ESP"]
[SourceTitle "CBM 128 Extra"]
[Source "ChessBase"]
[SourceDate "2009.03.05"]
[SourceVersion "2"]
[SourceVersionDate "2009.03.25"]
[SourceQuality "1"]

1. d4 Nf6 2. c4 c5 3. d5 b5 4. b3 bxc4 5. bxc4 g6 6. Bb2 Bg7 7. e4 d6 8. Bd3 Nbd7 9. Nf3 0-0 10. 0-0 Rb8 11. Qc2 Rxb2 12. Qxb2 Nxd5 13. Qe2 Nf4 14. Qc2 Bxa1 15. Nc3 Bxc3 16. Qxc3 Nxd3 17. Qxd3 Ne5 18. Nxe5 dxe5 19. Qc2 Be6 20. Rd1 Qa5 21. h3 Rd8 22. Rd3 Qe1+ 23. Kh2 Rxd3 24. Qxd3 Qxf2 0-1

[Event "Madrid-ch Previa-A"]
[Site "Madrid"]
[Date "2008.11.11"]
[Round "5"]
[White "Andalon Gomez, Carlos Jesus"]
[Black "Garcia Lopez, Pedro"]
[Result "1-0"]
[WhiteElo "2012"]
[BlackElo "1839"]
[PlyCount "171"]
[EventDate "2008.11.03"]
[EventType "swiss"]
[EventRounds "9"]
[EventCountry "ESP"]
[SourceTitle "CBM 127 Extra"]
[Source "ChessBase"]
[SourceDate "2009.01.08"]
[SourceVersion "2"]
[SourceVersionDate "2009.01.28"]
[SourceQuality "1"]

1. d4 Nf6 2. c4 e6 3. Nf3 d5 4. Nc3 c6 5. Bg5 h6 6. Bh4 Bd6 7. e3 Nbd7 8. Bd3 0-0 9. 0-0 Be7 10. Qe2 dxc4 11. Bxc4 Nb6 12. Bb3 Nbd5 13. Rac1 Ng4 14. Bg3 Bd6 15. Bxd6 Qxd6 16. h3 Ngf6 17. e4 Nxc3 18. Rxc3 Qd8 19. Rd1 Re8 20. Ne5 Nd7 21. Ng4 Qg5 22. Rg3 Qh5 23. e5 Kh8 24. Bc2 f5 25. exf6 Nxf6 26. Qd3 Qf5 27. Qc3 Ne4 28. Qe3 Nxg3 29. Bxf5 Nxf5 30. Qe4 Bd7 31. Ne5 Nd6 32. Qc2 Red8 33. g4 Be8 34. h4 Nb5 35. Nf3 Rd5 36. a4 Nc7 37. g5 h5 38. Qe4 Rad8 39. Qf4 e5 40. Qf8+ Kh7 41. Re1 Bg6 42. Qb4 e4 43. Ne5 Rxd4 44. Qxb7 Ne6 45. Nxg6 Kxg6 46. Qxc6 R8d6 47. Qe8+ Kh7 48. Qxh5+ Kg8 49. g6 Nf8 50. Qb5 Rxg6+ 51. Kf1 Rgd6 52. Qb3+ Kh8 53. Qc2 Re6 54. Qc8 Rf6 55. a5 Kh7 56. Qc3 Ne6 57. b4 Rd3 58. Qc1 Rdf3 59. Rxe4 Rxf2+ 60. Kg1 R2f3 61. Qc8 Rg6+ 62. Kh2 Nf4 63. Rxf4 Rxf4 64. Qh3 Rd6 65. Qc3 Rxh4+ 66. Kg3 Rhd4 67. Qc2+ Rd3+ 68. Kf2 Kh6 69. Ke2 Rh3 70. Qc1+ g5 71. Qc5 Re6+ 72. Kd2 a6 73. Qf8+ Kg6 74. Qg8+ Kf5 75. Qf7+ Ke5 76. Qg7+ Kf4 77. Qf7+ Ke5 78. Qg7+ Kf5 79. Qd7 Rhh6 80. b5 axb5 81. a6 Ke5 82. Qxb5+ Kf4 83. a7 Ra6 84. Qb8+ Rhd6+ 85. Kc3 Rac6+ 86. Kb4 1-0

[Event "Madrid-ch Previa-A"]
[Site "Madrid"]
[Date "2008.11.10"]
[Round "4"]
[White "Garcia Lopez, Pedro"]
[Black "Osorio Ramos, Francisco"]
[Result "1-0"]
[WhiteElo "1839"]
[BlackElo "1960"]
[PlyCount "123"]
[EventDate "2008.11.03"]
[EventType "swiss"]
[EventRounds "9"]
[EventCountry "ESP"]
[SourceTitle "CBM 127 Extra"]
[Source "ChessBase"]
[SourceDate "2009.01.08"]
[SourceVersion "2"]
[SourceVersionDate "2009.01.28"]
[SourceQuality "1"]

1. e4 c5 2. Nf3 d6 3. d4 cxd4 4. Nxd4 Nf6 5. Nc3 a6 6. Bg5 e6 7. Be2 Be7 8. 0-0 0-0 9. h3 b5 10. a3 Bb7 11. Qd3 Nbd7 12. f3 Rc8 13. Rad1 h6 14. Bh4 Ne5 15. Qe3 Nfg4 16. hxg4 Bxh4 17. f4 Nc4 18. Bxc4 Rxc4 19. g3 Be7 20. Nf3 Qc7 21. Nd2 d5 22. Kh2 d4 23. Qd3 dxc3 24. Nxc4 bxc4 25. Qxc3 Bxe4 26. Rd2 Bf6 27. Qe3 Bd5 28. c3 Rb8 29. Rfd1 Be7 30. Qe2 Re8 31. Re1 Qb7 32. Kh3 g6 33. Qe5 f6 34. Qd4 Rd8 35. Qe3 h5 36. gxh5 gxh5 37. Qe2 Bf3 38. Qxe6+ Kf8 39. Rxd8+ Bxd8 40. Qe8+ Kg7 41. Qxd8 Bg4+ 42. Kh4 Kg6 43. Qg8+ Kh6 44. Qf8+ Kg6 45. Qe8+ Kh6 46. Qe7 Qc6 47. Qf8+ Kg6 48. Qe8+ Qxe8 49. Rxe8 a5 50. Ra8 Kf5 51. Rxa5+ Ke4 52. Ra6 f5 53. Rd6 Ke3 54. a4 Bf3 55. a5 Ke2 56. a6 Ke3 57. Rd8 Ke2 58. a7 Ke3 59. a8Q Bxa8 60. Rxa8 Kd2 61. Kxh5 Kc2 62. Rb8 1-0